| 000 | 00564nam a2200229Ia 4500 | ||
|---|---|---|---|
| 003 | OSt | ||
| 005 | 20250724150819.0 | ||
| 008 | 210423s1994 xx 000 0 und d | ||
| 020 | _a8120401492 | ||
| 040 | _cAL | ||
| 041 | _aEnglish | ||
| 082 |
_a150 _bBHAG |
||
| 100 |
_aHans Raj Bhatia _9101858 |
||
| 245 | _aGeneral psychology | ||
| 260 |
_aNew Delhi _bOxford University Press _c1994 |
||
| 300 |
_av,26 _bPB |
||
| 365 |
_b89 _cINR |
||
| 650 |
_aPhilosophy _9101859 |
||
| 650 |
_aPsychology _9101860 |
||
| 906 | _aGeneral ; psychology | ||
| 942 |
_2ddc _cBK |
||
| 999 |
_c171739 _d171739 |
||